Halsey- Girl is a Gun (All Lyrics) - Statistics

General Stats
  • This quiz has been taken 40 times
  • The average score is 281 of 377
Answer Stats
Lyrics % Correct
a
100%
girl
100%
I
100%
is
100%
Is
100%
gun
96%
So
96%
so
96%
This
96%
this
96%
be
92%
me
92%
no
92%
No
92%
you
92%
and
88%
And
88%
in
88%
it
88%
love
88%
the
88%
when
88%
won't
88%
your
88%
baby
83%
fun
83%
havin'
83%
It's
83%
it's
83%
my
83%
My
83%
not
83%
some
83%
to
83%
With
83%
with
83%
you're
83%
for
79%
have
79%
I'm
79%
of
79%
on
79%
but
75%
can
75%
feel
75%
hands
75%
around
71%
better
71%
cause
71%
'Cause
71%
cup
71%
fallin'
71%
from
71%
keep
71%
killin'
71%
measurin'
71%
Oh
71%
up
71%
vibe
71%
come
67%
how
67%
mornin'
67%
nice
67%
off
67%
same
67%
Stop
67%
stop
67%
waitin'
67%
dark
63%
darling
63%
evenin'
63%
lighter
63%
lights
63%
park
63%
problems
63%
show
63%
you'll
63%
callin'
58%
crazy
58%
damn
58%
daydream
58%
done
58%
if
58%
know
58%
lately
58%
overflowin'
58%
safety
58%
shot
58%
spit
58%
swallow
58%
teeth
58%
touch
58%
walk
58%
been
54%
before
54%
never
54%
trigger
54%
waistline
54%
boys
50%
can't
50%
God
50%
let
50%
loaded
50%
Makin'
50%
switched
50%
testin'
50%
turn
50%
enough
46%
fingers
46%
newest
46%
take
46%
that
46%
Time
46%
wishin'
46%
cannot
42%
crossed
42%
Need
42%
than
42%
we've
42%
blessin'
38%
give
38%
giving
38%
luck
38%
more
38%
one
38%
waste
38%
baby's
33%
lesson
33%
attention
29%
believe
29%
break
29%
leave
29%
stressin'
29%
(Yeah)
25%
No matching quizzes found
Score Distribution
Percent of People with Each Score
Percentile by Number Answered
Your Score History
You have not taken this quiz